2203-遠州鉄道の駅 - Statistics

General Stats
  • This quiz has been taken 127 times
  • The average score is 13 of 18
Answer Stats
本線 % Correct
新浜松
100%
西鹿島
94%
遠州病院
86%
第一通り
82%
浜北
80%
自動車学校前
75%
曳馬
71%
遠州岩水寺
71%
助信
69%
さぎの宮
68%
美薗中央公園
68%
上島
65%
遠州西ヶ崎
65%
八幡
62%
遠州小松
62%
積志
60%
遠州小林
60%
遠州芝本
58%
No matching quizzes found
Score Distribution
Percent of People with Each Score
Percentile by Number Answered
Your Score History
You have not taken this quiz